Manual del team 10
Guardat en:
| Autor principal: | |
|---|---|
| Format: | Llibre |
| Idioma: | espanyol |
| Publicat: |
Buenos Aires
Nueva Visión
1966
|
| Col·lecció: | Cuadernos del Taller
|
| Matèries: | |
| Etiquetes: |
Afegir etiqueta
Sense etiquetes, Sigues el primer a etiquetar aquest registre!
|
MARC
| LEADER | 00000nam a2200000 a 4500 | ||
|---|---|---|---|
| 001 | UCX8996 | ||
| 003 | CL-VaPUC | ||
| 008 | 940510e19660000AG |||||||||||||||||spa|d | ||
| 082 | 0 | 4 | |a 711.6 |b SMI |2 21 |
| 100 | 0 | |a Smithson, Alison Margaret |e author |9 326270 | |
| 245 | 1 | 0 | |a Manual del team 10 |
| 300 | |a 47 p | ||
| 942 | |c BK | ||
| 945 | |d 19940510 00:00:00 |a oaravena | ||
| 260 | |a Buenos Aires |b Nueva Visión |c 1966 | ||
| 650 | 0 | |a Diseño arquitectónico |9 265271 | |
| 650 | 7 | |a DETALLES ARQUITECTONICOS |2 CL-VaPUC |9 326271 | |
| 583 | |a last modification |c 19940510 00:00:00 |k Rodrigo Vera | ||
| 490 | 0 | |a Cuadernos del Taller | |
| 999 | |c 228357 |d 228355 | ||
| 952 | |0 0 |1 0 |4 0 |6 711_600000000000000_SMI_1966 |7 0 |8 P |9 228326 |a BIBARQ |b BIBARQ |d 2019-11-15 |i 2971038 |o 711.6 SMI 1966 |p 2971038 |r 2025-01-20 |w 2019-11-15 |y BK |k ARQ | ||